Sharjah Art Foundation Library

My Iraq: (Record no. 6549)

MARC details
000 -LEADER
fixed length control field 00955nam a2200205Ia 4500
001 - CONTROL NUMBER
control field 6549
008 - FIXED-LENGTH DATA ELEMENTS--GENERAL INFORMATION
fixed length control field 260430s9999 xx 000 0 und d
020 ## - INTERNATIONAL STANDARD BOOK NUMBER
International Standard Book Number 9789957514136
245 #0 - TITLE STATEMENT
Title My Iraq:
Remainder of title a photographic autobiography and more/
Statement of responsibility, etc. Ihsan Fethi
260 ## - PUBLICATION, DISTRIBUTION, ETC.
Place of publication, distribution, etc. Amman;
Name of publisher, distributor, etc. Al Adib Publishing House;
Date of publication, distribution, etc. 2010
300 ## - PHYSICAL DESCRIPTION
Extent 509p;
Dimensions 35x29cm
520 ## - SUMMARY, ETC.
Summary, etc. My Iraq: A Photographic Autobiography and More is a visual and narrative work by architect and photographer Ihsan Fethi. The book combines personal memoir with photography, documenting Iraq’s cultural heritage, urban landscapes, and architectural history. Through images and reflections, Fethi captures both the beauty of Iraq’s past and the transformations it has undergone over time.
546 ## - LANGUAGE NOTE
Language note English
648 ## - SUBJECT ADDED ENTRY--CHRONOLOGICAL TERM
Chronological term 1970-2010
9 (RLIN) 9384
650 ## - SUBJECT ADDED ENTRY--TOPICAL TERM
Topical term or geographic name entry element Architecture
9 (RLIN) 7309
650 ## - SUBJECT ADDED ENTRY--TOPICAL TERM
Topical term or geographic name entry element Autobiography
9 (RLIN) 8344
650 ## - SUBJECT ADDED ENTRY--TOPICAL TERM
Topical term or geographic name entry element TR624-835 Technology- Applied Photography
651 ## - SUBJECT ADDED ENTRY--GEOGRAPHIC NAME
Geographic name Iraq
942 ## - ADDED ENTRY ELEMENTS (KOHA)
Koha item type Book
Holdings
Withdrawn status Lost status Damaged status Not for loan Collection Home library Current library Date acquired Total Checkouts Full call number Barcode Date last seen Price effective from Koha item type
        Technology- Photography, Cinematography, Electronic Media SAF Reference Library Photography Gallery 04/27/2026   TR624-835 98.485 6549 04/30/2026 04/30/2026 Book

Copyright © 2022. Sharjah Art Foundation. All Rights Reserved.